00317 a2200097 4500020001800000100002100018245007800039260003700117300001900154650004600173 a978078031119010aSinha, Pradeep K10aDistributed operating systemsb: concepts and designc/ Pradeep K. Sinha. aNew DelhibPrentice Hall,c1997. a743 p.b: ill. 0aDistributed operating systems (Computers)